Normal view
MARC view
Entry Topical Term
001 - CONTROL NUMBER
- control field: 28450
003 - CONTROL NUMBER IDENTIFIER
- control field: ARRUPE
005 - DATE AND TIME OF LATEST TRANSACTION
- control field: 20170123105610.0
008 - FIXED-LENGTH DATA ELEMENTS
- fixed length control field: 170123|| aca||aabn | a|a d
040 ## - CATALOGING SOURCE
- Original cataloging agency: ARRUPE
- Transcribing agency: ARRUPE
150 ## - HEADING--TOPICAL TERM
- Topical term or geographic name as entry element: Altruism.
670 ## - SOURCE DATA FOUND
- Source citation: Work cat.: (ARRUPE)0: Thomas, Laurence, 1949- 28448, Living morally :, 1989.